|
|
|
|
| LEADER |
00000cam a22000004a 4500 |
| 001 |
musev2_33338 |
| 003 |
MdBmJHUP |
| 005 |
20230905043520.0 |
| 006 |
m o d |
| 007 |
cr||||||||nn|n |
| 008 |
870410r19871959nju o 00 0 eng d |
| 020 |
|
|
|a 9781400859009
|
| 020 |
|
|
|z 9780691024127
|
| 020 |
|
|
|z 9780691084787
|
| 020 |
|
|
|z 9780691606873
|
| 020 |
|
|
|z 9780691635569
|
| 035 |
|
|
|a (OCoLC)899266989
|
| 040 |
|
|
|a MdBmJHUP
|c MdBmJHUP
|
| 100 |
1 |
|
|a Sambursky, Samuel,
|d 1900-
|
| 245 |
1 |
0 |
|a Physics of the Stoics /
|c S. Sambursky.
|
| 264 |
|
1 |
|a Princeton, N.J. :
|b Princeton University Press,
|c [1987]
|
| 264 |
|
3 |
|a Baltimore, Md. :
|b Project MUSE,
|c 2015
|
| 264 |
|
4 |
|c ©[1987]
|
| 300 |
|
|
|a 1 online resource (166 pages).
|
| 336 |
|
|
|a text
|b txt
|2 rdacontent
|
| 337 |
|
|
|a computer
|b c
|2 rdamedia
|
| 338 |
|
|
|a online resource
|b cr
|2 rdacarrier
|
| 500 |
|
|
|a Originally published: London? : Routledge & Kegan Paul, 1959.
|
| 588 |
|
|
|a Description based on print version record.
|
| 650 |
|
7 |
|a Stoics.
|2 fast
|0 (OCoLC)fst01133750
|
| 650 |
|
7 |
|a Physics.
|2 fast
|0 (OCoLC)fst01063025
|
| 650 |
|
7 |
|a SCIENCE
|x Physics
|x General.
|2 bisacsh
|
| 650 |
|
7 |
|a SCIENCE
|x Mechanics
|x General.
|2 bisacsh
|
| 650 |
|
7 |
|a SCIENCE
|x Energy.
|2 bisacsh
|
| 650 |
|
7 |
|a stoicism.
|2 aat
|
| 650 |
|
6 |
|a Stoïcisme.
|
| 650 |
|
6 |
|a Physique
|z Grece
|x Histoire.
|
| 650 |
|
0 |
|a Stoics.
|
| 650 |
|
0 |
|a Physics
|z Greece
|x History.
|
| 651 |
|
7 |
|a Greece.
|2 fast
|0 (OCoLC)fst01208380
|
| 655 |
|
7 |
|a History.
|2 fast
|0 (OCoLC)fst01411628
|
| 655 |
|
7 |
|a Electronic books.
|2 local
|
| 710 |
2 |
|
|a Project Muse.
|e distributor
|
| 830 |
|
0 |
|a Book collections on Project MUSE.
|
| 856 |
4 |
0 |
|z Texto completo
|u https://projectmuse.uam.elogim.com/book/33338/
|
| 945 |
|
|
|a Project MUSE - Custom Collection
|
| 945 |
|
|
|a Project MUSE - Archive Complete Supplement III
|
| 945 |
|
|
|a Project MUSE - Archive Philosophy and Religion Supplement III
|